000 00626nam a2200277Ia 4500
005 20260324131321.0
008 008 260324s9999 xx 000 0 eng d
020 _a9780203769270
037 _aEBOOK
040 _aCRL
040 _beng
040 _cCRL
041 _2eng
041 _aeng
084 _qCRL
100 _aAndrew Hamill
_91185058
245 0 _aLearning ICT in the Arts
260 _bTaylor and Francis
260 _c2006
365 _a
365 _b300
856 _uhttp://www.taylorfrancis.com/books/9780203769270
942 _cEBOOK
999 _c1782087
_d1782087